| 000 | 00798cam a2200265 a 4500 | ||
|---|---|---|---|
| 001 | 1509034 | ||
| 005 | 20130214143612.0 | ||
| 008 | 891026s2010 maua b 001 0 eng | ||
| 010 | _a 89026464 | ||
| 020 | _a0534921302 | ||
| 020 | _a9780495411321 | ||
| 050 | 0 | 0 |
_aTA710 _b.D264 1990 |
| 082 | 0 | 0 |
_a624.15136 _222 _bDAS |
| 100 | 1 |
_aDas, Braja M., _d1941- _932610 |
|
| 245 | 1 | 0 |
_aPrinciples of Geotechnical Engineering / _cBraja M. Das. |
| 250 | _a7th ed. | ||
| 260 |
_aBoston : _bPWS-Kent Pub. Co., _cc2010. |
||
| 300 |
_axiv, 666 p. : _bill. ; _c24 cm. |
||
| 440 | 0 |
_aPWS-Kent series in engineering _932611 |
|
| 504 | _aIncludes bibliographical references. | ||
| 650 | 0 |
_aSoil mechanics. _932612 |
|
| 650 | 0 |
_aEngineering geology. _932613 |
|
| 653 |
_bCiv _cFebruary2013 |
||
| 942 |
_2ddc _cBB |
||
| 999 |
_c17295 _d17267 |
||